00591nam a2200181Ia 4500008004100000020001500041041001200056082001600068100001500084245005200099250000800151260003300159300000800192650001600200942000700216999001500223952017100238221030s9999 xx 000 0 und d a8185015589 aEnglish a105.23bDat aC. J. Date 0aIntroduction to Database Systemscby C. J. Date a3rd bNarosa Pub.aNew Delhic2002 a580 aBE Computer cBK c4216d4216 pBE 7564g225.00l0o105.23 Datr2024-06-13 00:00:00w2022-10-30yBK003Print4070aMIETLIBbMIETLIBcBL-Academic Block A, FL-1, CUP-46, SH-3, R-3d2005-11-1410HBE